• 首页
  • 本馆介绍
  • 公告通知
  • 最新文献
  • 馆藏检索
  • 电子资源
  • 读者导购
  • 参考咨询
  • 我的图书馆
  • 登录
  • 详细信息显示
  • 放入我的书架
  • 预约/预借图书
  • 作者相关作品
  • 分类相关作品
  • 丛书相关作品
  • 出版社相关作品

书目信息

  • 表格格式
  • 工作单格式
  • 卡片格式
题名:
金融企业会计
    
 
作者: 李晓梅 , 关新红 主编
分册:  
出版信息: 北京   首都经济贸易大学出版社  2015
页数: 409页
开本: 24cm
丛书名: 高等院校会计学专业教材
单 册:
中图分类: F830.42
科图分类:
主题词: 金融企业--jin rong qi ye--会计
电子资源:
ISBN: 978-7-5638-2317-8
000 01095nam 2200277 450
001 2339181147
005 20231206105333.55
010    @a978-7-5638-2317-8@dCNY45.00
100    @a20200608d2015 em y0chiy50 ea
101 0  @achi
102    @aCN@b110000
105    @ak a 000yy
200 1  @a金融企业会计@Ajin rong qi ye kuai ji@f李晓梅, 关新红主编
205    @a第4版
210    @a北京@c首都经济贸易大学出版社@d2015
215    @a409页@d24cm
225 2  @a高等院校会计学专业教材@Agao deng yuan xiao kuai ji xue zhuan ye jiao cai
320    @a有书目 (第409页)
330    @a全书紧密结合《金融企业会计制度》编写, 系统讲述了商业银行的存、贷款业务, 支付结算, 联行往来, 外汇业务, 对外投资, 固定资产, 无形资产和递延资产, 所有者权益, 收入、成本、利润的核算, 以及证券公司、信托投资公司、租赁公司、期货公司、基金管理公司等的核算。
410  0 @12001 @a高等院校会计学专业教材
606 0  @a金融企业@Ajin rong qi ye@x会计
690    @aF830.42@v5
701  0 @a李晓梅@Ali xiao mei@4主编
701  0 @a关新红@Aguan xin hong@4主编
801  0 @aCN@b湖北三新@c20200608
905    @aZUCC@dF830.42@e10=4
    
    金融企业会计/李晓梅, 关新红主编.-第4版.-北京:首都经济贸易大学出版社,2015
    409页;24cm.-(高等院校会计学专业教材)
    
    
    ISBN 978-7-5638-2317-8:CNY45.00
    全书紧密结合《金融企业会计制度》编写, 系统讲述了商业银行的存、贷款业务, 支付结算, 联行往来, 外汇业务, 对外投资, 固定资产, 无形资产和递延资产, 所有者权益, 收入、成本、利润的核算, 以及证券公司、信托投资公司、租赁公司、期货公司、基金管理公司等的核算。
●
相关链接 在五车中查询图书 在当当中查询图书 在豆瓣中查询图书


正题名:金融企业会计     索取号:F830.42/10=4         预约/预借

序号 登录号 条形码 馆藏地/架位号 状态 备注
1 2001360454   2001360454   315书库/ [索取号:F830.42/10=4] 在馆    
2 2001360455   2001360455   315书库/ [索取号:F830.42/10=4] 在馆    
3 2001360456   2001360456   315书库/ [索取号:F830.42/10=4] 在馆    
4 2001360457   2001360457   315书库/ [索取号:F830.42/10=4] 在馆    
5 2001360458   2001360458   315书库/ [索取号:F830.42/10=4] 在馆    
6 2001360459   2001360459   218书库/ [索取号:F830.42/10=4] 在馆    
7 2001360460   2001360460   218书库/ [索取号:F830.42/10=4] 在馆    
8 2001360461   2001360461   218书库/ [索取号:F830.42/10=4] 在馆    
9 2001360462   2001360462   218书库/ [索取号:F830.42/10=4] 在馆    
10 2001360463   2001360463   315书库/ [索取号:F830.42/10=4] 在馆    
山东省滨州职业学院图书馆 欢迎您!
大连网信软件有限公司© 版权所有